000 00602nam a22002297a 4500
005 20260417120800.0
008 260417b |||||||| |||| 00| 0 eng d
020 _a978-93-5849-786-1
_c400
040 _aMAIN
041 _aeng
082 _a370.15
_bDEK
100 _aDeka, N.
_qDr. Nabanita
245 _aEducation and Well-Being
250 _a1st Ed.
260 _aDibrugarh
_bPradyut Hazarika, Banalata
_c2025
300 _a440p. ;
_c15 x 22 cm
505 _aNEP 4th Semester Major
650 _aEducation
700 _bKhatiwora, Dimpal
700 _bLahkar, Barnali
942 _2ddc
_cBK
999 _c16357
_d16357